|
|
|
|
| LEADER |
00000nab a2200000 ar4500 |
| 001 |
vtls009287192 |
| 003 |
SK-MaSNL |
| 005 |
20260303060300.0 |
| 008 |
080421c2008 xo |r|p|||||||000 b|slo |
| 015 |
|
|
|a SNBRB2008/04
|2 snkbucl
|
| 038 |
|
|
|a SNKBUCL
|
| 040 |
|
|
|a SNKBUCL
|b slo
|c SNKBUCL
|e AACR2
|
| 041 |
0 |
|
|a slo
|
| 044 |
|
|
|a xo
|c SK
|
| 080 |
|
|
|a 82.09:821.113.6-31
|x (048)
|2 2001
|
| 080 |
|
|
|a 821.113.6-31
|x (048)
|2 2001
|
| 100 |
1 |
|
|a Cedzo, Richard
|4 aut
|9 21770
|
| 245 |
1 |
0 |
|a Klas Östergren: Gentlemani
|c Richard Cedzo
|
| 650 |
0 |
7 |
|a spoločenské romány, švédske
|x recenzie
|2 snkbucl
|9 1052870
|
| 655 |
|
7 |
|a recenzie
|2 snkbucl
|9 21907
|
| 773 |
0 |
|
|t Knižná revue
|g Roč. XVIII, č. 5 (2008), s. 8
|x 1210-1982
|
| 787 |
0 |
8 |
|i Rec.:
|a Östergren, Klas, 1955-
|t Gentlemani
|d Bratislava : Slovart, 2007
|z 9788080853273
|
| 852 |
|
|
|a SNK
|b KIS3GCP
|
| 958 |
|
|
|a LX
|
| 958 |
|
|
|a SE
|
| 958 |
|
|
|a RC
|
| 999 |
|
|
|c 1730848
|d 1732778
|